| 000 | 01482nam a2200241Ia 4500 | ||
|---|---|---|---|
| 003 | Ost | ||
| 005 | 20260416102352.0 | ||
| 008 | 260416s9999||||xx |||||||||||||| ||und|| | ||
| 040 | _cfsecg | ||
| 041 | _aara | ||
| 082 | _a301.14 | ||
| 100 |
_aدادو، مراد _eمؤلف |
||
| 245 | 0 |
_a الإتصال وأنظمة المعلومات / _c مراد دادو |
|
| 260 |
_aالجزائر _bجامعة الجزائر3: كلية العلوم الإقتصادية، العلوم التجارية وعلوم التسيير _c2017 |
||
| 300 |
_a111 ورقة _bايضاحات _c30 سم |
||
| 504 | _aمراجع ص.106 | ||
| 520 | _aالاطار المفاهيمي للاتصال الداخلي في المؤسسة، الاطار المفاهيمي للنظام ونظم المعلومات، الاطار المفاهيمي لنظام المعلومات الادارية، نظام معلومات الموارد البشرية، نظام المعلومات التسويقي، نظام المعلومات المحاسبي، نظم دعم القرار، نظم المعلومات الاستراتيجية، تحليل وتصميم نظم المعلومات. | ||
| 653 | _aالاتصال | ||
| 653 | _aالقوى العاملة | ||
| 653 | _aنظم المعلومات- المؤسسة الممتدة | ||
| 710 |
_aجامعة الجزائر3: كلية العلوم الإقتصادية، العلوم التجارية وعلوم التسيير _eناشر علمي |
||
| 942 | _cHANDOUT | ||
| 999 |
_c41056 _d41056 |
||